00498nam a2200157Ia 4500003000400000005001700004008004100021040001800062041000800080082001500088100004800103245010600151260002300257600003000280650003000310OSt20260328101626.0211028s2009 xx 000 0 und d cAIMIT LIBRARY aeng a658.3 THOW aThores, Wilma Vijetha;Dhananjaya K.g716119 aAm satisfaction of new hires on onboarding processes in emc data storage private limited, Bangalore / bDhananjaya Kc2009 aHuman Resource Management aHuman Resource Management